| 000 | 00692nam a22002297a 4500 | ||
|---|---|---|---|
| 008 | 210812b ||||| |||| 00| 0 eng d | ||
| 020 | _a9781910928172 . (v.1) | ||
| 100 | _aOverland, Paul B. | ||
| 245 |
_aLearning biblical Hebrew interactively : _binstructor edition / _cPaul Overland |
||
| 250 | _aRev. ed. | ||
| 260 |
_aSheffield : _bSheffield Phoenix Press, _c2016. |
||
| 300 |
_axxiii, 565 pages : _billustrations; _c28 cm |
||
| 336 | _atext | ||
| 337 | _aunmediated | ||
| 338 | _avolume | ||
| 440 | _xvol.1 | ||
| 500 | _aVol.1 : Units 0-6. | ||
| 650 |
_aBible.-- _xOld Testament. |
||
| 650 | _aHebrew language. | ||
| 650 |
_aHebrew language-- _xGrammar. |
||
| 942 |
_2lcc _cBK |
||
| 999 |
_c50037 _d50037 |
||